An Introduction to town planning techniques (Record no. 3951)
[ view plain ]
| 000 -LEADER | |
|---|---|
| fixed length control field | 00349nam a22001337a 4500 |
| 008 - FIXED-LENGTH DATA ELEMENTS--GENERAL INFORMATION | |
| fixed length control field | 250623b |||||||| |||| 00| 0 eng d |
| 020 ## - INTERNATIONAL STANDARD BOOK NUMBER | |
| ISBN | 1857281691 |
| 100 ## - MAIN ENTRY--AUTHOR | |
| Author | Roberts Margaret |
| 245 ## - TITLE STATEMENT | |
| Title | An Introduction to town planning techniques |
| 260 ## - PUBLICATION, DISTRIBUTION, ETC. (IMPRINT) | |
| Place of publication | London |
| Name of publisher | UCL Press Limited |
| Date of publication | 1999 |
| 300 ## - COLLATION | |
| Pagination | 406p |
| 942 ## - ADDED ENTRY ELEMENTS (KOHA) | |
| Item type | Books |
| 050 ## - LIBRARY OF CONGRESS CALL NUMBER | |
| Classification number | HT 166 |
| Item number | .R 63 |
| Source of classification or shelving scheme | Not for loan | Permanent location | Current location | Date acquired | Accession No. | Full call number | Barcode. | Koha item type |
|---|---|---|---|---|---|---|---|---|
| Library of Congress Classification | Samuel Ogbemudia Main Library, University of Abuja | Samuel Ogbemudia Main Library, University of Abuja | 06/23/2025 | 2023/61114-16 | HT 166 .R 63 | 2025-2652 | Books | |
| Library of Congress Classification | Samuel Ogbemudia Main Library, University of Abuja | Samuel Ogbemudia Main Library, University of Abuja | 06/23/2025 | 2023/61114-16 | HT 166 .R 63 | 2025-2653 | Books | |
| Library of Congress Classification | Samuel Ogbemudia Main Library, University of Abuja | Samuel Ogbemudia Main Library, University of Abuja | 06/23/2025 | 2023/61114-16 | HT 166 .R 63 | 2025-2654 | Books | |
| Library of Congress Classification | Samuel Ogbemudia Main Library, University of Abuja | Samuel Ogbemudia Main Library, University of Abuja | 06/23/2025 | 2023/61114-16 | HT 166 .R 63 | 2025-2655 | Books | |
| Library of Congress Classification | Samuel Ogbemudia Main Library, University of Abuja | Samuel Ogbemudia Main Library, University of Abuja | 06/23/2025 | 2023/61114-16 | HT 166 .R 63 | 2025-2656 | Books |